Statistics for 1936 Summer Olympics Medal Table

Click here to take the quiz!

General Stats

  • This quiz has been taken 98 times
  • The average score is 17 of 20

Answer Stats

#Country% Correct
19France
100%
89Germany
100%
22Italy
99%
56United States
99%
20Sweden
97%
14Great Britain
96%
6Norway
93%
9Canada
92%
18Japan
90%
19Finland
89%
13Austria
87%
5Denmark
87%
16Hungary
86%
6Poland
85%
17Netherlands
84%
15Switzerland
80%
8Czechoslovakia
71%
7Argentina
55%
5Egypt
40%
7Estonia
29%

Score Distribution

Percentile by Number Answered

Percent of People with Each Score

Your Score History

You have not taken this quiz